| 000 | 00923nam a2200253 a 4500 | ||
|---|---|---|---|
| 001 | 000035877 | ||
| 005 | 20200930074703.0 | ||
| 008 | 111115s1964 mx 000 0 spa d | ||
| 040 |
_aDO-SdBNP _bspa _cBNPHU |
||
| 082 |
_axxxx _bB864h, 1964 |
||
| 100 | 1 |
_aBrodrick, Houhton _961866 |
|
| 240 | 1 | 0 |
_aEarly Man, a survey of human origins _lEspañol |
| 245 | 1 | 3 |
_aEl hombre prehistórico / _cHouhton Brodrick ; traductor Chita de la Calle. |
| 250 | _a2a ed. | ||
| 260 |
_aMéxico : _bFondo de Cultura Económica, _c1964. |
||
| 300 |
_a422 p. ; _c17 cm. |
||
| 490 | 1 |
_aBreviarios del fondo de cultura económica _v107 |
|
| 500 | _aTítulo original en inglés. | ||
| 504 | _aBibliografía : p. 409 - 414. | ||
| 504 | _aIncluye notas y referencias bibliográficas al pie de las páginas. | ||
| 700 | 1 | 2 |
_aCalle, Chita de la, _etr. _961867 |
| 830 | 0 |
_aBreviarios del fondo de cultura económica _v107 _925786 |
|
| 049 | _aBNGR | ||
| 999 |
_c35368 _d35368 |
||